Culture Générale - Série 2171 - Statistiques

Statistiques générales
  • Ce quiz a été pris 111 fois
  • Le résultat moyen est 5 sur 10
Statistiques - réponses
Question Réponse % Correct
De quel pays le zloty est-il l'unité monétaire principale ? Pologne
82%
Capacité d'être présent en plusieurs lieux à la fois - 8 lettres commençant par " u " ubiquité
69%
Quel type d'arme est la brette ? épée
68%
Quel est le nom usuel du crayon noir de maquillage et de soin, d'origine orientale ? khôl
53%
C'est une cerise qui porte malchance guigne
49%
Quel insecte est l'oestre ? mouche
47%
La dermatite atopique est une maladie inflammatoire chronique entraînant des démangeaisons appelée couramment ... eczéma
43%
Quel était le prénom du connétable du Guesclin surnommé « Dogue noir de Brocéliande » (1320-1380) ? voir image Bertrand
42%
Qui a composé "L'enlèvement au sérail" ? Mozart
39%
En quelle année eut lieu le massacre de la Saint Barthélémy ? 1572
36%
Aucun quiz correspondant
Distribution des résultats
% des personnes avec chaque résultat
Percentile par nombre de réponses
Votre historique - résultats
Vous n’avez pas pris ce quiz